| 000 | 00658nam a2200181 i 4500 | ||
|---|---|---|---|
| 001 | 137208 | ||
| 003 | ES-MaACL | ||
| 005 | 20230906195330.0 | ||
| 007 | t| | ||
| 008 | 070214s1929 sp r ||||1| spa d | ||
| 245 | 0 | 0 |
_aSalzillo _b: escultura pasionaria : selección de obras del insigne imaginero murciano / _cintroducción de Diego Sánchez Jara, Leopoldo Ayuso Vicente. |
| 260 |
_aMurcia : _bEditores Diego Sánchez y Leopoldo Ayuso, _c1929. |
||
| 300 |
_aXII, 8 p., 67 lám. ; _c22 cm. |
||
| 600 | 0 | 4 |
_aSalzillo, Francisco. _9102146 |
| 700 | 1 |
_aAyuso Vicente, Leopoldo. _924208 |
|
| 700 | 0 |
_aSánchez Jara, Diego. _9102710 |
|
| 852 |
_aES-MaACL _jA-893 |
||
| 999 |
_c137208 _d137208 |
||